Historia del arrabal de Santa Catalina / (Record no. 138637)

MARC details
000 -LEADER
campo de control de longitud fija 00479nam a2200157 4500
001 - NÚMERO DE CONTROL
campo de control 138637
003 - IDENTIFICADOR DE NÚMERO DE CONTROL
campo de control ES-MaACL
005 - FECHA Y HORA DE LA ÚLTIMA TRANSACCIÓN
campo de control 20230906195614.0
007 - CAMPO FIJO DE DESCRIPCIÓN FÍSICA--INFORMACIÓN GENERAL
campo de control de longitud fija t|
008 - DATOS DE LONGITUD FIJA--INFORMACIÓN GENERAL
campo de control de longitud fija 070214s1967 sp r ||||1| spa d
100 1# - ENTRADA PRINCIPAL--NOMBRE DE PERSONA
Nombre de persona Santaner Mari, Juan.
9 (RLIN) 103341
245 10 - MENCIÓN DEL TÍTULO
Título Historia del arrabal de Santa Catalina /
Mención de responsabilidad, etc. Juan Santaner Mari.
260 ## - PUBLICACIÓN, DISTRIBUCIÓN, ETC.
Lugar de publicación, distribución, etc. Palma de Mallorca :
Nombre del editor, distribuidor, etc. [s. n.],
Fecha de publicación, distribución, etc. 1967 (
Fabricante Gráf. Miramar)
300 ## - DESCRIPCIÓN FÍSICA
Extensión 180 p., 10 lám. ;
Dimensiones 20 cm.
852 ## - LOCALIZACIÓN
Ubicación ES-MaACL
Número de control de estantería C-32472
Sublocalización o colección R.63143
Holdings
Estatus retirado Estado de pérdida Estado de daño No para préstamo Biblioteca de origen Biblioteca actual Ubicación en estantería Fecha de adquisición Fuente de adquisición Total de préstamos Signatura topográfica completa Código de barras Visto por última vez Precio de reemplazo Tipo de ítem Koha
        Biblioteca del Ateneo de Madrid Biblioteca del Ateneo de Madrid Depósito 2 17/01/2008     C-32472 1144265 23/02/2023 23/02/2023 Libro impreso